000 00332nam a2200133Ia 4500
005 20251222144916.0
008 251222s9999||||xx |||||||||||||| ||spa||
020 _a9972601390
082 _a918.5/B52
245 0 _aViajeros Franceses Siglos XVI - XIX
250 _a1ra.ed.
264 _bBiblioteca Nacional del PerĂº
942 _cLIB
999 _c22540
_d22540